<?xml version="1.0" encoding="UTF-8"?><?xml-stylesheet type="text/xsl" href="static/style.xsl"?><OAI-PMH xmlns="http://www.openarchives.org/OAI/2.0/" xmlns:xsi="http://www.w3.org/2001/XMLSchema-instance" xsi:schemaLocation="http://www.openarchives.org/OAI/2.0/ http://www.openarchives.org/OAI/2.0/OAI-PMH.xsd"><responseDate>2026-04-18T04:35:07Z</responseDate><request verb="GetRecord" identifier="oai:www.recercat.cat:2117/460239" metadataPrefix="marc">https://recercat.cat/oai/request</request><GetRecord><record><header><identifier>oai:recercat.cat:2117/460239</identifier><datestamp>2026-04-09T07:01:31Z</datestamp><setSpec>com_2072_1033</setSpec><setSpec>col_2072_452951</setSpec></header><metadata><record xmlns="http://www.loc.gov/MARC21/slim" xmlns:dcterms="http://purl.org/dc/terms/" xmlns:xsi="http://www.w3.org/2001/XMLSchema-instance" xmlns:doc="http://www.lyncode.com/xoai" xsi:schemaLocation="http://www.loc.gov/MARC21/slim http://www.loc.gov/standards/marcxml/schema/MARC21slim.xsd">
   <leader>00925njm 22002777a 4500</leader>
   <datafield ind2=" " ind1=" " tag="042">
      <subfield code="a">dc</subfield>
   </datafield>
   <datafield ind2=" " ind1=" " tag="720">
      <subfield code="a">García Astudillo, Ivan</subfield>
      <subfield code="e">author</subfield>
   </datafield>
   <datafield ind2=" " ind1=" " tag="260">
      <subfield code="c">2026-02-05</subfield>
   </datafield>
   <datafield ind2=" " ind1=" " tag="520">
      <subfield code="a">This thesis investigates the suitability of Orthogonal Time Frequency Space (OTFS) as a waveform candidate for 5G-Advanced and beyond, by benchmarking it against conventional Orthogonal Frequency Division Multiplexing (OFDM) under high-mobility doubly selective channels. While OFDM remains the baseline in current cellular systems, its sensitivity to Doppler-induced inter-carrier interference motivates the study of alternatives that are inherently more robust in time-varying propagation conditions. A MATLAB-based simulation framework is developed to ensure a fair, like-for-like comparison between both schemes. Multiple mobility scenarios are considered (from 0 up to 540 km/h) at a 3.5 GHz carrier, using the same time-varying multipath channel realization per frame for both links. OFDM is implemented with comb pilots, common phase error compensation and a one-tap MMSE equalizer in the time-frequency domain, whereas OTFS employs a pilot-only preamble for delay-Doppler channel estimation and a 2D MMSE equalizer. The study evaluates uncoded and coded performance using two forward error correction options-NR-LDPC (5G Toolbox) and Turbo codes (Communications Toolbox)-and reports pre-decoding BER, transport-block BER and BLER. In addition, effective spectral efficiency is computed by accounting for coding rate, overhead (cyclic prefix, pilots/preamble) and residual block errors, enabling a joint reliability-throughput assessment. Results show that at low to moderate mobility (up to approximately 120 km/h) OFDM and OTFS exhibit similar reliability, with only minor differences at high SNR. As mobility increases, the performance gap widens and OTFS becomes increasingly advantageous, particularly in high-speed and/or high-SNR regimes where OFDM degradation due to Doppler effects is more pronounced. Building on this observation, the thesis also explores a dynamic waveform selection approach, where the transmitter chooses OFDM or OTFS based on measured channel conditions (e.g., SNR and mobility proxies such as Doppler spread or coherence time) to maximize effective throughput under a BLER constraint. Overall, the study supports OTFS as a compelling option for high-mobility scenarios, while confirming OFDM as a competitive solution at conventional speeds. Future work includes extending the framework to higher-order modulations, improved channel estimation and receiver architectures, and a more systematic optimization of switching thresholds for adaptive OFDM/OTFS operation.</subfield>
   </datafield>
   <datafield ind2=" " ind1=" " tag="520">
      <subfield code="a">4 - Educació de Qualitat</subfield>
   </datafield>
   <datafield ind1="8" ind2=" " tag="024">
      <subfield code="a">https://hdl.handle.net/2117/460239</subfield>
   </datafield>
   <datafield tag="653" ind2=" " ind1=" ">
      <subfield code="a">Àrees temàtiques de la UPC::Enginyeria de la telecomunicació</subfield>
   </datafield>
   <datafield tag="653" ind2=" " ind1=" ">
      <subfield code="a">5G mobile communication systems</subfield>
   </datafield>
   <datafield tag="653" ind2=" " ind1=" ">
      <subfield code="a">Digital computer simulation</subfield>
   </datafield>
   <datafield tag="653" ind2=" " ind1=" ">
      <subfield code="a">Signal processing--Digital techniques</subfield>
   </datafield>
   <datafield tag="653" ind2=" " ind1=" ">
      <subfield code="a">Wireless</subfield>
   </datafield>
   <datafield tag="653" ind2=" " ind1=" ">
      <subfield code="a">OFDM</subfield>
   </datafield>
   <datafield tag="653" ind2=" " ind1=" ">
      <subfield code="a">OTFS</subfield>
   </datafield>
   <datafield tag="653" ind2=" " ind1=" ">
      <subfield code="a">Doppler</subfield>
   </datafield>
   <datafield tag="653" ind2=" " ind1=" ">
      <subfield code="a">Mobility</subfield>
   </datafield>
   <datafield tag="653" ind2=" " ind1=" ">
      <subfield code="a">Performance</subfield>
   </datafield>
   <datafield tag="653" ind2=" " ind1=" ">
      <subfield code="a">Communications</subfield>
   </datafield>
   <datafield tag="653" ind2=" " ind1=" ">
      <subfield code="a">Comunicació sense fil, Sistemes 5G de</subfield>
   </datafield>
   <datafield tag="653" ind2=" " ind1=" ">
      <subfield code="a">Simulació per ordinador digital</subfield>
   </datafield>
   <datafield tag="653" ind2=" " ind1=" ">
      <subfield code="a">Tractament del senyal--Tècniques digitals</subfield>
   </datafield>
   <datafield ind2="0" ind1="0" tag="245">
      <subfield code="a">Performance comparison of OTFS vs OFDM wireless signals in high-mobility environments</subfield>
   </datafield>
</record></metadata></record></GetRecord></OAI-PMH>